Methodologies Used to Investigate Early-Stage Investor (BA and VC) Decision-Making Criteria

Skúmanie rozhodovacích kritérií, ktoré uplatňujú investori v počiatočnej fáze (business angels – BA; a investori rizikového kapitálu – VC) je jednou z hlavných línií výskumu v rozhodovaní o kapitáli v počiatočnej fáze. Systematický prehľad literatúry identifikoval 101 vedeckých štúdií popisujúcich n...

Descrizione completa

Salvato in:
Dettagli Bibliografici
Autore principale: Hanák, Róbert, 1979-
Natura: Capitolo di libro
Lingua:inglese
Soggetti:
Tags: Aggiungi Tag
Nessun Tag, puoi essere il primo ad aggiungerne!!

MARC

LEADER 00000naa$a2200000$$$4500
001 0281320
005 20240502083904.6
041 0 |a eng 
044 |a CZ 
245 1 0 |a Methodologies Used to Investigate Early-Stage Investor (BA and VC) Decision-Making Criteria  |c Róbert Hanák 
520 |a Skúmanie rozhodovacích kritérií, ktoré uplatňujú investori v počiatočnej fáze (business angels – BA; a investori rizikového kapitálu – VC) je jednou z hlavných línií výskumu v rozhodovaní o kapitáli v počiatočnej fáze. Systematický prehľad literatúry identifikoval 101 vedeckých štúdií popisujúcich najmenej 3 rôzne kritériá používané investormi. 
610 2 0 |a rozhodovanie 
610 2 0 |a kapitál 
610 2 0 |a investovanie 
610 2 0 |a schopnosti pracovné 
100 1 |a Hanák, Róbert, 1979-